Т. 117; Известия Томского политехнического института [Известия ТПИ]

Bibliografske podrobnosti
Parent link:Известия Томского политехнического института [Известия ТПИ]/ Томский политехнический институт (ТПИ). Т. 117.— , 1944-1976
Jezik:ruščina
Izdano: Изд-во Томского ун-та, 1963
Teme:
Format: Knjiga
KOHA link:https://koha.lib.tpu.ru/cgi-bin/koha/opac-detail.pl?biblionumber=202863

MARC

LEADER 00000nam2a2200000 4500
001 202863
005 20231031185436.0
035 |a (RuTPU)RU\TPU\book\221060 
035 |a RU\TPU\book\221027 
090 |a 202863 
100 |a 20111022d1963 k y0rusy50 ca 
101 0 |a rus 
102 |a RU 
105 |a a z 000zy 
200 0 |a Т. 117 
210 |d 1963  |c Изд-во Томского ун-та 
215 |a 222 с.  |c рис., граф., табл., схемы 
461 1 |0 (RuTPU)RU\TPU\book\200995  |t Известия Томского политехнического института [Известия ТПИ]  |f Томский политехнический институт (ТПИ)  |v Т. 117  |d 1944-1976 
601 0 2 |a Томский политехнический институт (ТПИ)  |c (1944-1991)  |2 stltpush  |3 (RuTPU)RU\TPU\col\1123 
610 1 |a научные исследования 
610 1 |a фрезерные станки 
610 1 |a скоростные лифты 
610 1 |a системы управления 
610 1 |a ионные электроприводы 
610 1 |a маломощные двигатели 
610 1 |a использование 
610 1 |a ионные приводы 
610 1 |a регулируемые трансформаторы 
610 1 |a шунты 
610 1 |a параметры 
610 1 |a режимы работы 
610 1 |a двигатели постоянного тока 
610 1 |a расчеты 
610 1 |a графический метод 
610 1 |a электроприводы 
610 1 |a установившиеся режимы 
610 1 |a асинхронные электродвигатели 
610 1 |a магнитопроводы 
610 1 |a электромашинные усилители 
610 1 |a самовозбуждение 
610 1 |a замыкания на землю 
610 1 |a защита 
610 1 |a электрические машины 
610 1 |a роторы 
610 1 |a динамическое уравновешивание 
610 1 |a селективная сигнализация 
610 1 |a момент инерции 
610 1 |a экспериментальное определение 
610 1 |a балансировка 
675 |a 62  |v 3 
801 1 |a RU  |b 63413507  |c 20090209  |g PSBO 
801 2 |a RU  |b 63413507  |c 20130326  |g PSBO 
942 |c BK